000 00329nam a22001337a 4500
008 260530b |||||||| |||| 00| 0 eng d
020 _a9789381275528
082 _a001931
100 _aBayari, Venkatesh B
245 _aGita Bhasyam
260 _aBangalore
_bPoorna Prajna Samshodhan Trust
_c2017
300 _a580p
942 _2ddc
999 _c1477
_d1477